| 000 | 00332nam a22000977a 4500 | ||
|---|---|---|---|
| 008 | 230905b |||||||| |||| 00| 0 eng d | ||
| 040 |
_aNational Science Library _cNational Science Library |
||
| 245 | _aAsian geotechnical engineering age current awareness service | ||
| 260 |
_aThailand: _bAsian Institute of Technology, |
||
| 942 | _cCR | ||
| 999 |
_c60318 _d60318 |
||